000 00948nam a22003017a 4500
001 BR9002173
003 BR-BrBNA
005 20230928093441.0
007 ta
008 230509b bl.||||| |||| 00| 0 por d
040 _aBR-BrBNA
_bpor
_cBiblioteca Nacional de Agricultura
041 _a(Por)
072 _aC30
090 _ C30 BR9002173
100 1 _aSordi, N.A.D. de
100 1 _aAlbuquerque, D.N.B.
100 1 _aPereira, R.N.
110 1 _aCentro Nacional de Informacao Documental Agricola, Brasilia, DF (Brasil)
_91726
245 1 _aProjeto de implementacao da Biblioteca Estadual de Agricultura de Alagoas - BEAGRI/AL. Duracao: 1 ano. Custo do projeto: CZ$ 2.244.540,30 OTNs 6704
_bDOC/TEC/87/010
260 3 _aBrasilia, DF (Brasil):
_c1987.
300 _a17 p.
650 _aSISTEMA DE INFORMACAO
650 _aBIBLIOTECA
650 _aCUSTO
650 _aALAGOAS
909 _a202309
_bLucia
_c55
_dLucia Elande
942 _cBK
999 _c45066
_d45066